Biblioteki żydowskie w II Rzeczypospolitej

Titel: Biblioteki żydowskie w II Rzeczypospolitej : z dziejów nowoczesnej kultury żydowskiej na ziemiach polskich / Monika Biesaga
Verfasser:
Ausgabe: Wydanie pierwsze
Veröffentlicht: Warszawa : Żydowski Instytut Historyczny im. Emanuela Ringelbluma, 2025
Umfang: 505 Seiten : Illustrationen, Portraits
Format: Buch
Sprache: Polnisch
Schriftenreihe/
mehrbändiges Werk:
Bałaban
Schlagworte:
ISBN: 9788367872331
Buchumschlag
X
alg: 54162219
001A    $03004:27-01-26 
001B    $01999:01-04-26 $t12:19:55.000 
001D    $03004:27-01-26 
001U    $0utf8 
001X    $00 
002@    $0Aau 
002C    $aText $btxt $2rdacontent 
002D    $aohne Hilfsmittel zu benutzen $bn $2rdamedia 
002E    $aBand $bnc $2rdacarrier 
003@    $0541622196 
004A    $A978-83-67872-33-1 
007A    $0BV050568280 $aBVB 
007G    $0 
009P    $qapplication/pdf $A2 $3Buch Bibliographie $uhttp://scans.hebis.de/HEBCGI/show.pl?54162219_bib.pdf $mV:DE-603;B:DE-Mb50 
009P    $qapplication/pdf $A2 $3Cover $uhttp://scans.hebis.de/HEBCGI/show.pl?54162219_cov.pdf $mV:DE-603;B:DE-Mb50 
009P    $qapplication/pdf $A2 $3Register $uhttp://scans.hebis.de/HEBCGI/show.pl?54162219_idx.pdf $mV:DE-603;B:DE-Mb50 
009P    $qapplication/pdf $A2 $3Abstract $uhttp://scans.hebis.de/HEBCGI/show.pl?54162219_sum.pdf $mV:DE-603;B:DE-Mb50 
009P    $qapplication/pdf $A2 $3Inhaltsverzeichnis $uhttp://scans.hebis.de/HEBCGI/show.pl?54162219_toc.pdf $mV:DE-603;B:DE-Mb50 
010@    $apol 
010E    $erda 
011@    $a2025 $n2025 
021A    $aBiblioteki żydowskie w II Rzeczypospolitej $dz dziejów nowoczesnej kultury żydowskiej na ziemiach polskich $hMonika Biesaga 
028A    $BVerfasser $4aut $71325764523 $8Biesaga, Monika$Z1988- [Tp3] $9517031884 
032@    $aWydanie pierwsze 
033A    $pWarszawa $nŻydowski Instytut Historyczny im. Emanuela Ringelbluma 
034D    $a505 Seiten 
034M    $aIllustrationen, Portraits 
036G    $aBałaban 
037A    $aLiteraturverzeichnis Seite 371-[399]. - Zusammenfassung in englischer Sprache Seite 400 
044K    $RPolen-Litauen $RKongresspolen $RWestgalizien $RStaat Krakau $#Generalgouvernement Polen $#Polska $#Rzeczpospolita Polska $#Polska Rzeczpospolita Ludowa $#Poland $#Pologne $#République Polonaise $#Generalne Gubernatorstwo w Polsce $#Polish People's Republic $#Polska Rzeczpospolita Polen $#PRL $#RP $#Polen Generalgouvernement $#Polska Generalgouvernement $#Besetzte Polnische Gebiete $#Besetztes Gebiet in Polen $#Okupowane Polskie Obszary $#Obszary Okupowane w Polsce $#Volksrepublik Polen $#Polska Rosyjska $#Republic Polen $#Respublika Pol'ša $#Pol'skaja Narodnaja Respublika $#République de Pologne $#Polen Links der Weichsel $#Polska po Lewej Stronie Wisły $#Lenkija $#Polija $#Gubernija Carstva Pol'skago $#Republik Polen $74046496-9 $8Polen [Tg1] $9085129801 
044K    $RKulturelle Einrichtung $RBibliothekswissenschaft $#Libraries $#Bibliothèques $#Biblioteche $#Bibliotecas $#libraries $#Libraries $#Bibliothek $#Bibliothek $#Bibliotheken $#Allgemeinbibliothek $#Bibliothekswesen $#Bücherei $#Universalbibliothek $#Gebrauchsbibliothek $74006439-6 $8Bibliothek [Tsz] $9085009229 
044K    $RJudentum $RIsraeliten $RStämme Israels $#Jude $74028808-0 $8Juden [Ts1] $9085075922 
044K    $RBesucher $RBenutzerin $RKunde $RKundin $#Benutzer $#Benützer $#Anwender $#User Benutzer $#Nutzer $74138534-2 $8Benutzer [Ts1] $9085523771 
045F    $a020.943809041 $eDDC23BSB 
045F/01 $a020 
045F/03 $f09041 
045F/03 $f09042 
045F/03 $f09043 
045F/03 $g438 
045R    $aGeschichte 1918-1939 
046L    $aText polnisch, Zusammenfassung in englischer Sprache 

lok: 54162219 24

exp: 54162219 24 1 #EPN
201B/01 $030-01-26 $t08:42:53.000 
201C/01 $016-01-26 
201U/01 $0utf8 
203@/01 $01332288014 
208@/01 $a30-01-26 $bz 
209A/01 $a26.00073 $du $f050 $h26 00073 $x00 
209C/01 $a26.00073 K $h26 00073 K 
209G/01 $a75174365 $x00 
220C/01 $ahae 
247C/01 $8358050-7 Marburg, Bibliothek des Herder-Instituts Marburg $9102600961
LEADER 00000cam a2200000 c 4500
001 541622196
003 DE-603
005 20260401121955.0
007 tu
008 260127s2025 xx |||| | u00||u|pol c
020 |a 9788367872331 
035 |a (DE-599)BVBBV050568280 
040 |a DE-603  |b ger  |c DE-603  |d DE-603  |e rda 
041 |a pol 
082 0 4 |8 1\u  |a 020.943809041  |q DE-101  |2 23/BSB 
085 |8 1\u  |b 020 
085 |8 1\u  |z 1  |s 09041 
085 |8 1\u  |z 1  |s 09042 
085 |8 1\u  |z 1  |s 09043 
085 |8 1\u  |z 2  |s 438 
100 1 |a Biesaga, Monika  |d 1988-  |e Verfasser  |4 aut  |0 (DE-603)517031884  |0 (DE-588)1325764523  |2 gnd 
245 0 0 |a Biblioteki żydowskie w II Rzeczypospolitej  |b z dziejów nowoczesnej kultury żydowskiej na ziemiach polskich  |c Monika Biesaga 
250 |a Wydanie pierwsze 
264 1 |a Warszawa  |b Żydowski Instytut Historyczny im. Emanuela Ringelbluma  |c 2025 
300 |a 505 Seiten  |b Illustrationen, Portraits 
336 |a Text  |b txt  |2 rdacontent 
337 |a ohne Hilfsmittel zu benutzen  |b n  |2 rdamedia 
338 |a Band  |b nc  |2 rdacarrier 
490 0 |a Bałaban 
500 |a Literaturverzeichnis Seite 371-[399]. - Zusammenfassung in englischer Sprache Seite 400 
546 |a Text polnisch, Zusammenfassung in englischer Sprache 
648 7 |a Geschichte 1918-1939  |2 gnd 
650 7 |a Bibliothek  |0 (DE-588)4006439-6  |0 (DE-603)085009229  |2 gnd 
650 7 |a Juden  |0 (DE-588)4028808-0  |0 (DE-603)085075922  |2 gnd 
650 7 |a Benutzer  |0 (DE-588)4138534-2  |0 (DE-603)085523771  |2 gnd 
651 7 |a Polen  |0 (DE-588)4046496-9  |0 (DE-603)085129801  |2 gnd 
856 4 2 |m V:DE-603;B:DE-Mb50  |q application/pdf  |u http://scans.hebis.de/HEBCGI/show.pl?54162219_bib.pdf  |3 Buch Bibliographie 
856 4 2 |m V:DE-603;B:DE-Mb50  |q application/pdf  |u http://scans.hebis.de/HEBCGI/show.pl?54162219_cov.pdf  |3 Cover 
856 4 2 |m V:DE-603;B:DE-Mb50  |q application/pdf  |u http://scans.hebis.de/HEBCGI/show.pl?54162219_idx.pdf  |3 Register 
856 4 2 |m V:DE-603;B:DE-Mb50  |q application/pdf  |u http://scans.hebis.de/HEBCGI/show.pl?54162219_sum.pdf  |3 Abstract 
856 4 2 |m V:DE-603;B:DE-Mb50  |q application/pdf  |u http://scans.hebis.de/HEBCGI/show.pl?54162219_toc.pdf  |3 Inhaltsverzeichnis 
924 0 |9 Mb 50  |a (DE-603)1332288014  |b DE-Mb50  |c HES  |d c  |g 26.00073